000 00825cam a2200253 a 4500
001 169
003 BR-CuiBMT
005 20231026200111.0
008 230823s2022 mgb 000 0 por d
020 _a9786555184457
040 _aBR-CuiBMT
_cBR-CuiBMT
080 _22007
_a343.35
090 _a343.35
_bI34
245 1 0 _aImprobidade administrativa e tribunais de contas :
_bas inovações da lei nº 14.230/2021 /
_cFabrício Motta, Ismar Viana, coordenadores ; prefácio de Fábio Medina Osório.
260 _aBelo Horizonte :
_bFórum,
_c2022.
300 _a287 p. ;
_c22 cm
504 _aInclui bibliografia.
650 _aDireito administrativo
650 _aDireito constitucional
650 _aAdministração pública
700 1 _aMotta, Fabrício
_4coord.
700 1 _aViana, Ismar
_4coord.
942 _2udc
_cLV
999 _c169
_d169